| 000 | 00809nam a2200289Ia 4500 | ||
|---|---|---|---|
| 005 | 20260324113950.0 | ||
| 008 | 008 260324s9999 xx 000 0 eng d | ||
| 020 | _a9781003462385 | ||
| 037 | _aEBOOK | ||
| 040 | _aCRL | ||
| 040 | _beng | ||
| 040 | _cCRL | ||
| 041 | _2eng | ||
| 041 | _aeng | ||
| 084 | _qCRL | ||
| 100 |
_aBob Sproull _91148883 |
||
| 245 | 0 | _aLearning from the Past, Present, and Future to Drive Profits to New Levels | |
| 245 | 0 | _bRoadmaps for Solving and Preventing Problems, Making Better Decisions, and Implementing the Ultimate Improvement Cycle | |
| 260 | _bTaylor and Francis | ||
| 260 | _c2023 | ||
| 365 | _a | ||
| 365 | _b220 | ||
| 856 | _uhttp://www.taylorfrancis.com/books/9781003462385 | ||
| 942 | _cEBOOK | ||
| 999 |
_c1738816 _d1738816 |
||